01058nam a2200217 i 4500001000700000003000900007005001700016008004100033100003600074245004300110260004400153300002000197490003700217490005400254505025900308830004500567830006200612852002400674999001900698952012300717187807ES-MaACL20230906223032.0180301m19221923fr |||| | fre d1 aChejov, Anton Pavlovich.93831510aThéatre / cAnton Pavlovich Chekhov. aParis : bLibrairie Plon, c[1922-1923] a3 v. ; c19 cm.1 aCollection d'auteurs étrangers1 aOeuvres complètes d'Antone Tchékhov ; v14-168 aContiene: I. L'oncle vânia, Une demande en mariage, La Cerisaie. - II. La mouette, L'ours, Trois soeurs. - III. Ivânov, Sur la grand'route, Le tragique malgré lui, Les méfaits du tabac, Une noce, L'anniversaire de la fondation, Le chant du cygne0 aCollection d'auteurs étrangers91834650 aOeuvres complètes d'Antone Tchékhov ; v14-169225624 aES-MaACLjA-2301-03 c187807d187807 00104070aATENEOMbATENEOMcSPP1d2018-03-01eSCl0oA-2301-03p1198438r2023-02-23 00:00:00w2023-02-23yMONOGRAFIA